00482nam a2200145Ia 4500008004100000100002200041245011200063245002200175260005900197260000900256300001200265650001800277650001500295856002600310170221s9999 xx 000 0 und d aColeman F. Essien aIndigenous Media and Rural Development: The Case of Oil Producing Communities in Akwa Ibom State, Nigeria  cColeman F. Essien bOnline Journal of Communication and Media Technologies c2014 a34 : 19 xCommunication xMedia Arts uhttp://www.ojcmt.net/